Reseña de la geografía de los Estados Unidos /
Este boceto procura hacer un exposición de la historia de la vinculación de la tierra con la personas que viven en los Estados Unidos de América y de algunos de los cambios que esta asociación ha logrado plasmar. En lo esencial es una análisis geográfico de dicho país.
Shranjeno v:
| Glavni avtor: | |
|---|---|
| Format: | Neznan |
| Jezik: | Spanish |
| Izdano: |
Sin lugar:
sin editorial, sin fecha,
|
| Teme: | |
| Oznake: |
Označite
Brez oznak, prvi označite!
|
MARC
| LEADER | 00000 a2200000 04500 | ||
|---|---|---|---|
| 001 | 39945 | ||
| 003 | |||
| 008 | 991231s spa d | ||
| 040 | |||
| 020 | |a [sin ISBN] | ||
| 090 | |a 1001 M685r | ||
| 100 | |a Mittleman, Earl N. | ||
| 245 | |a Reseña de la geografía de los Estados Unidos / |c Earl N. Mittleman | ||
| 260 | |a Sin lugar: |b sin editorial, |b sin fecha, | ||
| 300 | |a 132 páginas : mapas, fotografías | ||
| 520 | |a Este boceto procura hacer un exposición de la historia de la vinculación de la tierra con la personas que viven en los Estados Unidos de América y de algunos de los cambios que esta asociación ha logrado plasmar. En lo esencial es una análisis geográfico de dicho país. | ||
| 590 | |a RRA/AGOSTO2011 | ||
| 650 | |a ESTADOS UNIDOS | ||
| 650 | |a ASPECTOS GEOGRAFICOS | ||
| 650 | |a DISTRIBUCION GEOGRAFICA | ||
| 999 | |c 13029 |d 13029 | ||
